[Event "Liechtenstein Seniors op 03rd"]
[Site "Triesen"]
[Date "2003.05.29"]
[Round "7"]
[White "Sigrist, Walter"]
[Black "Baugut, Ilse"]
[Result "1/2-1/2"]
[WhiteElo "1889"]
[BlackElo "1739"]
[PlyCount "55"]
[EventDate "2003.05.??"]
[EventType "swiss"]
[EventRounds "9"]
[EventCountry "LIE"]
[SourceTitle "EXT 2006"]
[Source "ChessBase"]
[SourceDate "2005.11.24"]
[SourceVersion "1"]
[SourceVersionDate "2005.11.24"]
[SourceQuality "1"]

1. e4 c5 2. Nf3 Nc6 3. Bb5 a6 4. Bxc6 dxc6 5. c4 Bg4 6. Nc3 e5 7. 0-0 Bxf3 8. Qxf3 Nf6 9. d3 g6 10. Bg5 Be7 11. Rfd1 Nd7 12. Bxe7 Qxe7 13. a3 0-0 14. Rab1 a5 15. g3 h5 16. Qe3 Kg7 17. h4 Nf6 18. f3 Rfd8 19. Na4 Nd7 20. Nc3 b6 21. Kf2 Qd6 22. Rd2 Rdb8 23. a4 Nf6 24. Rg1 Qe6 25. Kg2 Rh8 26. Rh1 Rad8 27. Rhd1 Rd7 28. Rh1 1/2-1/2

[Event "Liechtenstein Seniors op 03rd"]
[Site "Triesen"]
[Date "2003.05.25"]
[Round "3"]
[White "Frei, Eugen"]
[Black "Baugut, Ilse"]
[Result "0-1"]
[WhiteElo "1756"]
[BlackElo "1739"]
[PlyCount "56"]
[EventDate "2003.05.??"]
[EventType "swiss"]
[EventRounds "9"]
[EventCountry "LIE"]
[SourceTitle "EXT 2006"]
[Source "ChessBase"]
[SourceDate "2005.11.24"]
[SourceVersion "1"]
[SourceVersionDate "2005.11.24"]
[SourceQuality "1"]

1. e4 c5 2. Nf3 Nc6 3. d4 cxd4 4. Nxd4 Nf6 5. Nc3 e5 6. Ndb5 d6 7. Bg5 a6 8. Na3 h6 9. Bxf6 gxf6 10. Nd5 f5 11. exf5 Bxf5 12. Qf3 Nd4 13. Qd1 Qa5+ 14. Nc3 Rc8 15. Bd3 Rxc3 16. bxc3 Qxc3+ 17. Kf1 Qxa3 18. Bxf5 Nxf5 19. Qg4 Ne7 20. g3 Qc3 21. Kg2 Qc6+ 22. Kg1 h5 23. Qe2 h4 24. h3 hxg3 25. fxg3 Nf5 26. Kh2 Nd4 27. Qd1 Nf3+ 28. Kg2 Nh4+ 0-1

[Event "Wuerttemberg-ch Seniors 15th"]
[Site "Ellwangen"]
[Date "2003.04.14"]
[Round "4"]
[White "Johannsen, Ingbert"]
[Black "Baugut, Ilse"]
[Result "1/2-1/2"]
[WhiteElo "1998"]
[BlackElo "1777"]
[PlyCount "117"]
[EventDate "2003.04.??"]
[EventType "swiss"]
[EventRounds "9"]
[EventCountry "GER"]
[SourceTitle "EXT 2006"]
[Source "ChessBase"]
[SourceDate "2005.11.24"]
[SourceVersion "1"]
[SourceVersionDate "2005.11.24"]
[SourceQuality "1"]

1. e4 c5 2. Nf3 Nc6 3. d4 cxd4 4. Nxd4 Nf6 5. Nc3 e5 6. Ndb5 d6 7. Bg5 a6 8. Na3 b5 9. Nd5 Rb8 10. c3 Be6 11. Nc2 Be7 12. Nxe7 Nxe7 13. Bd3 h6 14. Bxf6 gxf6 15. Qe2 Ng6 16. g3 Qc8 17. Nb4 Ne7 18. a4 Bc4 19. axb5 axb5 20. 0-0 h5 21. Ra6 h4 22. Bxc4 bxc4 23. Rfa1 hxg3 24. fxg3 Kf8 25. R1a5 f5 26. Rxd6 f4 27. Rxe5 fxg3 28. hxg3 Ra8 29. Rd1 Qh3 30. Qg2 Qg4 31. Re1 Rg8 32. Kf2 Rd8 33. Nd5 Ng6 34. Nf6 Rd2+ 35. Kf1 Rxg2 36. Nxg4 Nxe5 37. Nxe5 R8xg3 38. Nxc4 Rg1+ 39. Kf2 R3g2+ 40. Kf3 Rxe1 41. Kxg2 Rxe4 42. b3 Re2+ 43. Kf3 Rc2 44. Ke4 Rxc3 45. Nd2 Ke7 46. Kd4 Rc1 47. b4 Rd1 48. Kc3 Kd6 49. Nc4+ Kc7 50. b5 f6 51. Kb4 f5 52. Ne3 Rb1+ 53. Kc4 Rc1+ 54. Kd4 Kb6 55. Nxf5 Kxb5 56. Ne3 Kc6 57. Nc4 Rd1+ 58. Ke4 Kc5 59. Ne3 1/2-1/2

[Event "Wuerttemberg-ch Seniors 14th"]
[Site "Ellwangen"]
[Date "2002.??.??"]
[Round "4"]
[White "Baugut, Ilse"]
[Black "Bleher, Walter"]
[Result "0-1"]
[WhiteElo "1820"]
[BlackElo "1930"]
[PlyCount "116"]
[EventDate "2002.03.30"]
[EventType "swiss"]
[EventRounds "9"]
[EventCountry "GER"]
[SourceTitle "EXT 2006"]
[Source "ChessBase"]
[SourceDate "2005.11.24"]
[SourceVersion "1"]
[SourceVersionDate "2005.11.24"]
[SourceQuality "1"]

1. d4 Nf6 2. c4 g6 3. Nc3 d5 4. cxd5 Nxd5 5. e4 Nxc3 6. bxc3 c5 7. Bc4 Bg7 8. Ne2 Nc6 9. Be3 0-0 10. Rc1 cxd4 11. cxd4 Qa5+ 12. Kf1 Rd8 13. h4 h5 14. Qb3 e6 15. Rd1 Qb4 16. f3 Qxb3 17. Bxb3 Na5 18. Bc2 b6 19. Bd3 Bb7 20. Kf2 Rac8 21. Rc1 Nc6 22. Bb5 Nxd4 23. Rxc8 Bxc8 24. Rd1 e5 25. f4 Ne6 26. Rxd8+ Nxd8 27. g3 Bb7 28. Bd3 Nc6 29. f5 Kh7 30. fxg6+ Kxg6 31. Nc3 Bh6 32. Nd5 Bxe3+ 33. Nxe3 Ne7 34. Nc4 Nc6 35. Nd6 Nd8 36. Bc4 f6 37. Ke3 a5 38. a3 Bc6 39. Kd3 Bd7 40. Ke3 Ne6 41. Bd5 Nd4 42. Nc4 b5 43. Nxa5 Nc2+ 44. Kd2 Nxa3 45. Ke3 f5 46. Nb3 fxe4 47. Bxe4+ Bf5 48. Kd3 Nc4 49. Nc5 Nd6 50. Bxf5+ Kxf5 51. Na6 Kg4 52. Nb4 Kxg3 53. Nc6 e4+ 54. Ke3 Kxh4 55. Kf4 Kh3 56. Ke5 e3 57. Nd4 Nc4+ 58. Kf4 Kg2 0-1

[Event "Wuerttemberg-ch Seniors 14th"]
[Site "Ellwangen"]
[Date "2002.??.??"]
[Round "5"]
[White "Schneider, Miloca"]
[Black "Baugut, Ilse"]
[Result "1/2-1/2"]
[WhiteElo "1782"]
[BlackElo "1820"]
[PlyCount "40"]
[EventDate "2002.03.30"]
[EventType "swiss"]
[EventRounds "9"]
[EventCountry "GER"]
[SourceTitle "EXT 2006"]
[Source "ChessBase"]
[SourceDate "2005.11.24"]
[SourceVersion "1"]
[SourceVersionDate "2005.11.24"]
[SourceQuality "1"]

1. d4 d5 2. c4 Bf5 3. Nf3 Nf6 4. e3 Bxb1 5. Rxb1 c6 6. b4 e6 7. c5 a6 8. a4 b5 9. a5 Nbd7 10. Bd3 g6 11. Qc2 Bg7 12. Ne5 Nxe5 13. dxe5 Nd7 14. f4 0-0 15. Bb2 f5 16. exf6 Bxf6 17. 0-0 Bxb2 18. Qxb2 Qf6 19. Qd4 e5 20. fxe5 Qxe5 1/2-1/2

[Event "Liechtenstein Seniors op 01st"]
[Site "Triesen"]
[Date "2001.05.20"]
[Round "3"]
[White "Nadenau, Oskar"]
[Black "Baugut, Ilse"]
[Result "1/2-1/2"]
[WhiteElo "1962"]
[BlackElo "1864"]
[PlyCount "31"]
[EventDate "2001.05.??"]
[EventType "swiss"]
[EventRounds "9"]
[EventCountry "LIE"]
[SourceTitle "EXT 2006"]
[Source "ChessBase"]
[SourceDate "2005.11.24"]
[SourceVersion "1"]
[SourceVersionDate "2005.11.24"]
[SourceQuality "1"]

1. c4 e5 2. Nc3 Nc6 3. Nf3 Nf6 4. g3 Bb4 5. Bg2 0-0 6. 0-0 Bxc3 7. bxc3 Re8 8. Qc2 h6 9. e4 Na5 10. d3 d6 11. h3 c5 12. Kh2 b6 13. Ng1 Nh7 14. f4 Bb7 15. Nf3 Rb8 16. Nh4 1/2-1/2

[Event "Wuerttemberg-ch Seniors 13th"]
[Site "Ellwangen"]
[Date "2001.??.??"]
[Round "1"]
[White "Anke, Karl"]
[Black "Baugut, Ilse"]
[Result "0-1"]
[WhiteElo "1289"]
[BlackElo "1902"]
[PlyCount "60"]
[EventDate "2001.04.??"]
[EventType "swiss"]
[EventRounds "9"]
[EventCountry "GER"]
[SourceTitle "EXT 2006"]
[Source "ChessBase"]
[SourceDate "2005.11.24"]
[SourceVersion "1"]
[SourceVersionDate "2005.11.24"]
[SourceQuality "1"]

1. d4 d5 2. Nf3 Nf6 3. Nc3 c6 4. Bf4 Bf5 5. h3 e6 6. a3 Nbd7 7. e3 a6 8. Be2 Be7 9. Nh2 h5 10. Nf1 Bg6 11. Bd3 Ne4 12. Nxe4 dxe4 13. Be2 Nf6 14. Nd2 Nd5 15. Be5 Bf6 16. Nc4 Kf8 17. Bxf6 gxf6 18. Nd2 Ne7 19. c3 a5 20. Qc2 f5 21. 0-0-0 b5 22. g4 Nd5 23. Nf1 hxg4 24. Ng3 gxh3 25. Bf1 h2 26. Qd2 Qc7 27. Ne2 Rh4 28. Qe1 Kg7 29. f4 Rah8 30. Ng3 Nxf4 0-1

[Event "Wuerttemberg-ch Seniors 13th"]
[Site "Ellwangen"]
[Date "2001.??.??"]
[Round "9"]
[White "Bango, Sandor"]
[Black "Baugut, Ilse"]
[Result "1/2-1/2"]
[WhiteElo "1597"]
[BlackElo "1902"]
[PlyCount "37"]
[EventDate "2001.04.??"]
[EventType "swiss"]
[EventRounds "9"]
[EventCountry "GER"]
[SourceTitle "EXT 2006"]
[Source "ChessBase"]
[SourceDate "2005.11.24"]
[SourceVersion "1"]
[SourceVersionDate "2005.11.24"]
[SourceQuality "1"]

1. e4 c5 2. Nf3 d6 3. d4 cxd4 4. Nxd4 a6 5. Nc3 Nf6 6. Bd3 e5 7. Nde2 b5 8. a3 Be7 9. 0-0 h5 10. h3 Nbd7 11. Be3 Nc5 12. f4 Bb7 13. Ng3 h4 14. Nf5 g6 15. Nxe7 Qxe7 16. f5 Ncxe4 17. Nxe4 Nxe4 18. fxg6 fxg6 19. Qg4 1/2-1/2

[Event "Wuerttemberg-ch Seniors 12th"]
[Site "Ellwangen"]
[Date "2000.??.??"]
[Round "7"]
[White "Baugut, Ilse"]
[Black "Rudnick, Werner"]
[Result "0-1"]
[WhiteElo "1930"]
[BlackElo "2120"]
[PlyCount "84"]
[EventDate "2000.04.??"]
[EventType "swiss"]
[EventRounds "9"]
[EventCountry "GER"]
[SourceTitle "EXT 2006"]
[Source "ChessBase"]
[SourceDate "2005.11.24"]
[SourceVersion "1"]
[SourceVersionDate "2005.11.24"]
[SourceQuality "1"]

1. d4 d5 2. Nf3 e6 3. c4 Nf6 4. e3 Nbd7 5. Nc3 Bb4 6. Bd2 0-0 7. a3 Bxc3 8. Bxc3 Ne4 9. Bd3 f5 10. Qc2 b6 11. cxd5 exd5 12. 0-0 c5 13. dxc5 bxc5 14. Rfd1 Bb7 15. Ne5 Rc8 16. Nxd7 Qxd7 17. Bxe4 fxe4 18. Qxe4 d4 19. Qh4 Qc6 20. Qg3 dxc3 21. bxc3 Rfd8 22. h3 h6 23. f3 Ba6 24. e4 Be2 25. Rxd8+ Rxd8 26. Re1 Bd3 27. e5 Bf5 28. Qf4 Be6 29. Qe3 a6 30. f4 h5 31. Kh2 c4 32. Qf2 g6 33. g4 hxg4 34. hxg4 Bxg4 35. Rg1 Bf5 36. Re1 Rd3 37. Re3 Qb6 38. Rf3 Qxf2+ 39. Rxf2 Rxc3 40. Re2 Rxa3 41. e6 Kf8 42. e7+ Ke8 0-1

[Event "Bad Woerishofen Seniors op 15th"]
[Site "Bad Woerishofen"]
[Date "1999.??.??"]
[Round "9"]
[White "Baugut, Ilse"]
[Black "Margraf, Achim"]
[Result "1-0"]
[WhiteElo "2000"]
[BlackElo "1800"]
[PlyCount "63"]
[EventDate "1999.03.05"]
[EventType "swiss"]
[EventRounds "9"]
[EventCountry "GER"]
[SourceTitle "EXT 2006"]
[Source "ChessBase"]
[SourceDate "2005.11.24"]
[SourceVersion "1"]
[SourceVersionDate "2005.11.24"]
[SourceQuality "1"]

1. d4 Nf6 2. c4 e6 3. g3 b6 4. Bg2 d5 5. cxd5 exd5 6. Nf3 Bb7 7. Nc3 Nbd7 8. 0-0 Be7 9. Bf4 c6 10. Rc1 0-0 11. Re1 Re8 12. a3 Nf8 13. Bh3 Ng6 14. Qd2 Nxf4 15. gxf4 Bd6 16. e3 Bc8 17. Bg2 Bg4 18. Ne2 Ne4 19. Qc2 c5 20. dxc5 Bxc5 21. Ng3 Rc8 22. Qd3 Nxf2 23. Kxf2 Bxe3+ 24. Rxe3 Rxc1 25. Ng5 g6 26. Bxd5 Rc7 27. Rxe8+ Qxe8 28. N3e4 Qe7 29. Bxf7+ Kf8 30. Qd4 Qd7 31. Qh8+ Ke7 32. Qf6+ 1-0

[Event "Wuerttemberg-ch Seniors 09th"]
[Site "Ellwangen"]
[Date "1997.??.??"]
[Round "?"]
[White "Baugut, Ilse"]
[Black "Foehl, Frithjof"]
[Result "1-0"]
[WhiteElo "1900"]
[BlackElo "1775"]
[PlyCount "59"]
[EventDate "1997.03.21"]
[EventType "swiss"]
[EventRounds "9"]
[EventCountry "GER"]
[SourceTitle "EXT 2006"]
[Source "ChessBase"]
[SourceDate "2005.11.24"]
[SourceVersion "1"]
[SourceVersionDate "2005.11.24"]
[SourceQuality "1"]

1. d4 Nf6 2. c4 d6 3. Nc3 g6 4. e4 Bg7 5. f4 0-0 6. Nf3 c5 7. d5 Na6 8. Be2 Nc7 9. 0-0 a6 10. a4 a5 11. e5 Nfe8 12. Re1 Bg4 13. b3 Bd7 14. Ra3 h5 15. Bd3 e6 16. Be4 Rb8 17. Be3 b6 18. Bf2 Qe7 19. Bh4 Nf6 20. exf6 Bxf6 21. Bxf6 Qxf6 22. Qd2 Rfe8 23. Raa1 Qg7 24. dxe6 Rxe6 25. Ng5 Rf6 26. Nd5 Nxd5 27. Bxd5 Rxf4 28. Re7 Be8 29. Rae1 Kf8 30. Ne6+ 1-0

[Event "Wuerttemberg-ch Seniors 09th"]
[Site "Ellwangen"]
[Date "1997.??.??"]
[Round "?"]
[White "Baugut, Ilse"]
[Black "Richter, Helmut"]
[Result "1/2-1/2"]
[WhiteElo "1900"]
[BlackElo "1790"]
[PlyCount "44"]
[EventDate "1997.03.21"]
[EventType "swiss"]
[EventRounds "9"]
[EventCountry "GER"]
[SourceTitle "EXT 2006"]
[Source "ChessBase"]
[SourceDate "2005.11.24"]
[SourceVersion "1"]
[SourceVersionDate "2005.11.24"]
[SourceQuality "1"]

1. d4 Nf6 2. c4 g6 3. Nc3 Bg7 4. e4 d6 5. f4 c5 6. d5 0-0 7. Nf3 e6 8. Be2 Na6 9. 0-0 Nc7 10. a4 exd5 11. cxd5 Bg4 12. h3 Bxf3 13. Bxf3 Nd7 14. Kh1 Re8 15. Rb1 Rb8 16. Qd3 a6 17. b4 b6 18. Be3 cxb4 19. Rxb4 Nc5 20. Qc2 Qe7 21. Bxc5 bxc5 22. Rfb1 Qf6 1/2-1/2

[Event "Wuerttemberg-ch Seniors 08th"]
[Site "Ellwangen"]
[Date "1996.??.??"]
[Round "2"]
[White "Braun, Gottfried"]
[Black "Baugut, Ilse"]
[Result "1-0"]
[WhiteElo "2340"]
[BlackElo "1860"]
[PlyCount "109"]
[EventDate "1996.03.30"]
[EventType "swiss"]
[EventRounds "9"]
[EventCountry "GER"]
[SourceTitle "EXT 2006"]
[Source "ChessBase"]
[SourceDate "2005.11.24"]
[SourceVersion "1"]
[SourceVersionDate "2005.11.24"]
[SourceQuality "1"]

1. e4 c5 2. c3 Nf6 3. e5 Nd5 4. Nf3 e6 5. Bc4 Nb6 6. Bb3 d5 7. exd6 Bxd6 8. d4 cxd4 9. cxd4 N8d7 10. Nc3 Nf6 11. 0-0 0-0 12. Bg5 h6 13. Bh4 Bd7 14. Ne5 Be7 15. Qd3 Nfd5 16. Bc2 f5 17. Bxe7 Nxe7 18. Bb3 Ned5 19. Rfe1 Rf6 20. Qf3 Bc6 21. Nxc6 bxc6 22. Re5 Nd7 23. Re2 Nf8 24. Na4 Qd6 25. Rc1 Rb8 26. Rec2 Ne7 27. Qc3 Rd8 28. Rd1 Nd7 29. Qa5 Qb8 30. Re1 Nf8 31. Qc5 Kf7 32. Rce2 Rd6 33. Qc3 Qd8 34. Nc5 Nd5 35. Qg3 Qe7 36. Nd3 Kg8 37. Ne5 f4 38. Qf3 g5 39. Rc2 Nb4 40. Rc4 a5 41. a3 Nd5 42. Rxc6 Rxc6 43. Nxc6 Qd6 44. Nxa5 Rg6 45. Nb7 Qb6 46. Bxd5 Qxd4 47. Be4 Rg7 48. Qc3 Qb6 49. Nc5 Rc7 50. b4 Qa7 51. Rd1 g4 52. Rd8 g3 53. hxg3 fxg3 54. Qxg3+ Rg7 55. Rxf8+ 1-0